000 01179nam a2200241 a 4500
001 001181765
003 AM-YeHGA
005 20250618074613.0
008 161012s2016 ai k|||erf||||001|0|arm||
020 _a9789939724133
040 _aAM-YeHGA
041 0 _aarm
100 1 _aԲալասանյան, Սեյրան Շամիրի,
_d1945-
_93608
245 1 0 _aԹվային կառավարման համակարգերի նախագծում :
_bՈւսումնական ձեռնարկ /
_cՍ.Շ. Բալասանյան; Մ.Ա. Աղագուլյան; [Խմբագիր՝ Ն.Ա. Խաչատրյան]; ՀՀ ԿԳՆ, ՀԱՊՀ Կապանի մասնաճյուղ.
260 _aԵրևան :
_bՃարտարագետ,
_c2016.
300 _a96 էջ :
_bգծանկար ;
_c21 սմ.
650 1 4 _aԹվային կառավարման համակարգեր
_vՈւսումնական ձեռնարկներ
700 1 _aԱղագուլյան Մանե Անդրանիկի
700 1 _aԽաչատրյան, Ն.Ա
_eխմբագիր
_4edt
710 2 _aՀայաստանի ազգային պոլիտեխնիկակական համալասարան :
_bԿապանի մասնաճյուղ
901 _aNLAACSG
090 _c378472
999 _c376562
_d376562